00000000nam 2200000zi 4500
0019.922312
003CaOODSP
00520230505102233
006m     o  d f      
007cr |n|||||||||
008230505s2000    onc     o    f000 0|eng d
020 |z0662653211
040 |aCaOODSP|beng|erda|cCaOODSP
043 |an-cn---
0861 |aC2-368/2000E-PDF|zC2-368/2000
24504|aThe path that leads to Strategis will also lead to success.
264 1|a[Ottawa] : |bIndustry Canada = Industrie Canada, |c[2000]
300 |a1 online resource (3 unnumbered pages)
336 |atext|btxt|2rdacontent
337 |acomputer|bc|2rdamedia
338 |aonline resource|bcr|2rdacarrier
500 |aDigitized edition from print [produced by Innovation, Science and Economic Development Canada].
500 |aIssued also in French under title: La voie qui vous mène à Strategis est aussi la voie du succès.
500 |a"53261B."
650 0|aBusiness|zCanada|xComputer network resources.
650 0|aSmall business|zCanada|xComputer network resources.
650 0|aWeb portals|zCanada.
650 0|aGovernment Web sites|zCanada.
7101 |aCanada. |bIndustry Canada, |eissuing body.
77508|tLa voie qui vous mène à Strategis est aussi la voie du succès.|w(CaOODSP)9.922315
85640|qPDF|s588 KB|uhttps://publications.gc.ca/collections/collection_2023/isde-ised/c2/C2-368-2000-eng.pdf